000 00537nam a2200169 i 4500
001 20857
003 ES-MaACL
007 t|
008 021119s1973 ag ||||1| spa d
100 1 _aAdorno, Theodor W.
_918468
245 1 0 _aConsignas /
_cTheodor W. Adorno ; [traducción Ramón Bilbao ; revisión María Angélica Aráoz].
260 _aBuenos Aires :
_bAmorrortu,
_c[1973]
300 _a181 p. ;
_c20 cm.
700 1 _aBilbao, Ramón.
_928868
700 1 _aAráoz, María Angélica.
_922341
852 _aES-MaACL
_jE-8649
_bR.92997
999 _c20857
_d20857